00274 a2200097 4500001001000000005001700010008004100027245002100068100001900089773006800108ART_4679820260410162000.0260409a 10aPensar el futuro1 aMujica, José0 tArchivos del presenteg- Año 16, Nº 59 (jun. 2012)wREV28180